Compositions in Indian Music/ (Record no. 202228)

MARC details
000 -LEADER
fixed length control field 00535nam a22001817a 4500
005 - DATE AND TIME OF LATEST TRANSACTION
control field 20240508165459.0
010 ## - LCCN (DPL NO)
LC control number ENG-140191
020 ## - INTERNATIONAL STANDARD BOOK NUMBER
Terms of availability 1195.00
International Standard Book Number 9789383514311
035 ## - SYSTEM CONTROL NUMBER
System control number EN-123723
037 ## - SOURCE OF ACQUISITION
Source of stock number/acquisition DBAD
082 ## - DEWEY DECIMAL CLASSIFICATION NUMBER
Classification number 781.4909542
100 ## - MAIN ENTRY--PERSONAL NAME
Personal name Sharma, Arurna
245 ## - TITLE STATEMENT
Title Compositions in Indian Music/
Statement of responsibility, etc By Aruna Sharma
260 ## - PUBLICATION, DISTRIBUTION, ETC. (IMPRINT)
Place of publication, distribution, etc New Delhi
Name of publisher, distributor, etc Lucky International
Date of publication, distribution, etc 2018
270 ## - ADDRESS
City New Delhi
Address H-16/1922, Sangam Vihar
Postal code 110080
300 ## - PHYSICAL DESCRIPTION
Extent 216p.
Dimensions 25cm(hb)
942 ## - ADDED ENTRY ELEMENTS (KOHA)
Source of classification or shelving scheme Dewey Decimal Classification
Item type English Books
Classification part 781.4909542
Call number suffix SHA
Holdings
Withdrawn status Lost status Not for loan Collection code Home library Current library Date acquired Source of acquisition Cost, normal purchase price Full call number Barcode Copy number Cost, replacement price Koha item type
      Non-fiction Ashok Vihar Ashok Vihar 18/04/2024 DBAD 1195.00 781.4909542 SHA EN-123723 1 1195.00 English Books

© Delhi Public Library
Hit Counter
free hit counter